[Event "WYCC Girls 12"]
[Site "Porto Carras"]
[Date "2015.10.28"]
[Round "4.3"]
[White "Duran, Esma Doga"]
[Black "Lakshmi, C"]
[Result "1-0"]
[BlackElo "1733"]
[WhiteElo "1876"]
[LiveChessVersion "1.4.6"]

1. d4 {[%clk 1:30:58]} Nf6 {[%clk 1:30:16]} 2. c4 {[%clk 1:31:20]} e6
{[%clk 1:30:37]} 3. Nf3 {[%clk 1:31:41]} b6 {[%clk 1:30:59]} 4. Nc3
{[%clk 1:32:05]} Bb7 {[%clk 1:31:08]} 5. Bg5 {[%clk 1:32:17]} Bb4
{[%clk 1:27:54]} 6. e3 {[%clk 1:32:20]} h6 {[%clk 1:27:44]} 7. Bh4
{[%clk 1:32:41]} O-O {[%clk 1:27:03]} 8. Bd3 {[%clk 1:31:23]} d6 {[%clk 1:19:08]}
9. O-O {[%clk 1:30:11]} Nbd7 {[%clk 1:18:42]} 10. Qe2 {[%clk 1:28:09]} d5
{[%clk 1:06:55]} 11. Rfd1 {[%clk 1:21:56]} Be7 {[%clk 0:53:17]} 12. Rac1
{[%clk 1:20:13]} c5 {[%clk 0:49:32]} 13. dxc5 {[%clk 1:11:33]} bxc5
{[%clk 0:43:40]} 14. cxd5 {[%clk 1:04:45]} Nxd5 {[%clk 0:37:43]} 15. Bg3
{[%clk 1:02:59]} a6 {[%clk 0:28:48]} 16. Bb1 {[%clk 0:53:10]} Qa5
{[%clk 0:20:04]} 17. e4 {[%clk 0:44:18]} Nxc3 {[%clk 0:19:38]} 18. Rxc3
{[%clk 0:44:39]} Nf6 {[%clk 0:18:24]} 19. Ne5 {[%clk 0:40:39]} Rfd8
{[%clk 0:16:07]} 20. Rcc1 {[%clk 0:37:23]} Rxd1+ {[%clk 0:14:19]} 21. Rxd1
{[%clk 0:37:41]} Rd8 {[%clk 0:14:11]} 22. f3 {[%clk 0:31:30]} Rd4
{[%clk 0:12:30]} 23. Bf2 {[%clk 0:28:40]} Rd8 {[%clk 0:09:57]} 24. Nc4
{[%clk 0:27:57]} Qc7 {[%clk 0:09:44]} 25. Bg3 {[%clk 0:27:13]} Rxd1+
{[%clk 0:09:13]} 26. Qxd1 {[%clk 0:27:38]} Qd7 {[%clk 0:09:37]} 27. Qc2
{[%clk 0:25:14]} Nh5 {[%clk 0:08:28]} 28. Bf2 {[%clk 0:24:30]} Nf4
{[%clk 0:07:48]} 29. Be3 {[%clk 0:22:41]} Ng6 {[%clk 0:06:51]} 30. Na5
{[%clk 0:21:20]} Bc6 {[%clk 0:03:58]} 31. Qd3 {[%clk 0:16:39]} Qc8
{[%clk 0:02:26]} 32. Qc3 {[%clk 0:15:17]} Bb5 {[%clk 0:02:27]} 33. Bd3
{[%clk 0:14:49]} Bf6 34. Qc2 {[%clk 0:12:08]} Bxd3 {[%clk 0:02:18]} 35. Qxd3
{[%clk 0:12:37]} Bxb2 {[%clk 0:02:36]} 36. Qc2 {[%clk 0:08:52]} Bf6
{[%clk 0:01:28]} 37. Qxc5 {[%clk 0:09:06]} Qxc5 {[%clk 0:01:26]} 38. Bxc5
{[%clk 0:09:35]} Ne5 {[%clk 0:01:41]} 39. Nb3 {[%clk 0:09:29]} Nd3
{[%clk 0:01:53]} 40. Bd6 {[%clk 0:38:23]} Bc3 {[%clk 0:31:30]} 41. Kf1
{[%clk 0:37:50]} e5 {[%clk 0:26:07]} 42. Nc5 {[%clk 0:33:31]} Bb4
{[%clk 0:23:18]} 43. Nxd3 {[%clk 0:30:30]} Bxd6 {[%clk 0:23:28]} 44. Ke2
{[%clk 0:30:44]} Kf8 {[%clk 0:22:16]} 45. Kd2 {[%clk 0:30:19]} Ke7
{[%clk 0:22:30]} 46. Kc3 {[%clk 0:30:44]} Kd7 {[%clk 0:22:51]} 47. Kc4
{[%clk 0:29:07]} Kc6 {[%clk 0:22:49]} 48. Nb4+ {[%clk 0:29:12]} Kb6
{[%clk 0:22:43]} 49. Nd5+ {[%clk 0:28:56]} Kc6 {[%clk 0:22:46]} 50. g3
{[%clk 0:28:49]} a5 {[%clk 0:22:13]} 51. a4 {[%clk 0:28:43]} Bc5 {[%clk 0:21:41]}
52. h3 {[%clk 0:27:47]} Ba3 {[%clk 0:17:31]} 53. Ne3 {[%clk 0:25:11]} Bf8
{[%clk 0:16:40]} 54. Kc3 {[%clk 0:23:58]} f6 {[%clk 0:15:25]} 55. Kb3
{[%clk 0:22:05]} h5 {[%clk 0:14:28]} 56. Kc4 {[%clk 0:19:30]} Bc5
{[%clk 0:12:56]} 57. Nd5 {[%clk 0:19:28]} Bd6 {[%clk 0:11:18]} 58. g4
{[%clk 0:18:58]} hxg4 {[%clk 0:11:14]} 59. fxg4 {[%clk 0:18:25]} Bc5
{[%clk 0:11:27]} 60. h4 {[%clk 0:18:19]} Bf2 {[%clk 0:10:47]} 61. Ne7+
{[%clk 0:16:34]} Kd7 {[%clk 0:11:09]} 62. Nf5 {[%clk 0:16:22]} g6
{[%clk 0:11:06]} 63. h5 {[%clk 0:16:05]} gxf5 {[%clk 0:09:00]} 64. h6
{[%clk 0:16:24]} fxe4 {[%clk 0:09:22]} 65. h7 {[%clk 0:16:43]} e3
{[%clk 0:09:48]} 66. Kd3 {[%clk 0:16:39]} e4+ {[%clk 0:09:11]} 67. Ke2
{[%clk 0:17:04]} f5 {[%clk 0:09:10]} 68. gxf5 {[%clk 0:17:16]} Kd6
{[%clk 0:09:15]} 69. h8=Q {[%clk 0:17:35]} Kc5 {[%clk 0:09:33]} 70. Qc3+
{[%clk 0:17:56]} Kd6 {[%clk 0:09:57]} 71. Qd4+ {[%clk 0:18:11]} Ke7
{[%clk 0:10:13]} 72. Qxe4+ {[%clk 0:18:34]} Kf6 {[%clk 0:10:36]} 73. Qe6+
{[%clk 0:18:59]} Kg7 {[%clk 0:10:51]} 74. f6+ {[%clk 0:19:19]} Kg6
{[%clk 0:11:11]} 75. f7+ {[%clk 0:19:43]} Kh7 {[%clk 0:11:33]} 76. f8=Q
{[%clk 0:20:01]} Bh4 {[%clk 0:11:59]} 77. Qef7# {[%clk 0:19:52]} 1-0

[Event "WYCC Girls 12"]
[Site "Porto Carras"]
[Date "2015.10.28"]
[Round "4.4"]
[White "Bui, Ngoc Han Julia"]
[Black "Salonika, Saina"]
[Result "0-1"]
[BlackElo "1858"]
[WhiteElo "1620"]
[LiveChessVersion "1.4.6"]

1. e4 {[%clk 1:30:55]} c5 {[%clk 1:30:38]} 2. Nf3 {[%clk 1:31:14]} d6
{[%clk 1:30:52]} 3. d4 {[%clk 1:31:19]} cxd4 {[%clk 1:31:12]} 4. Nxd4
{[%clk 1:31:38]} Nf6 {[%clk 1:31:28]} 5. Nc3 {[%clk 1:31:07]} g6 {[%clk 1:31:37]}
6. Be3 {[%clk 1:31:16]} Bg7 {[%clk 1:31:55]} 7. f3 {[%clk 1:31:10]} O-O
{[%clk 1:31:51]} 8. Qd2 {[%clk 1:31:00]} Nc6 {[%clk 1:32:05]} 9. g4
{[%clk 1:30:20]} e6 {[%clk 1:04:07]} 10. Bc4 {[%clk 1:24:46]} d5 {[%clk 1:00:04]}
11. exd5 {[%clk 1:20:58]} exd5 {[%clk 0:56:31]} 12. Bb3 {[%clk 1:18:45]} Nxd4
{[%clk 0:53:38]} 13. Bxd4 {[%clk 1:02:37]} Re8+ {[%clk 0:53:24]} 14. Kf1
{[%clk 1:01:38]} Bxg4 {[%clk 0:36:46]} 15. fxg4 {[%clk 1:01:06]} Nxg4
{[%clk 0:37:00]} 16. Nxd5 {[%clk 0:54:48]} Qd7 {[%clk 0:26:15]} 17. Rd1
{[%clk 0:48:36]} Qf5+ {[%clk 0:21:13]} 18. Qf4 {[%clk 0:46:22]} Qxf4+
{[%clk 0:19:34]} 19. Nxf4 {[%clk 0:46:32]} Re4 {[%clk 0:19:48]} 20. Ne6 fxe6
{[%clk 0:19:51]} 21. Bxg7 {[%clk 0:41:29]} Ne3+ {[%clk 0:19:02]} 22. Kf2
{[%clk 0:41:11]} Nxd1+ {[%clk 0:19:26]} 23. Rxd1 {[%clk 0:41:34]} Kxg7
{[%clk 0:19:25]} 24. Rd7+ {[%clk 0:41:49]} Kh6 {[%clk 0:19:13]} 25. Rxb7
{[%clk 0:40:57]} Rf8+ {[%clk 0:19:21]} 26. Kg3 {[%clk 0:40:42]} a5
{[%clk 0:19:25]} 27. Ra7 {[%clk 0:39:11]} Re3+ {[%clk 0:19:42]} 28. Kg2
{[%clk 0:39:11]} Rf5 {[%clk 0:20:05]} 29. Re7 {[%clk 0:36:57]} Re2+
{[%clk 0:20:22]} 30. Kg3 {[%clk 0:36:46]} Rfe5 {[%clk 0:20:30]} 31. Rf7
{[%clk 0:34:40]} R5e3+ {[%clk 0:20:25]} 32. Rf3 {[%clk 0:32:55]} Rxf3+
{[%clk 0:20:44]} 33. Kxf3 {[%clk 0:33:14]} Rxh2 {[%clk 0:21:10]} 34. Ba4
{[%clk 0:32:56]} Kg5 {[%clk 0:21:19]} 35. b3 {[%clk 0:33:18]} Rxc2
{[%clk 0:21:42]} 36. a3 {[%clk 0:33:09]} Ra2 {[%clk 0:22:03]} 37. Bd7
{[%clk 0:33:29]} Rxa3 {[%clk 0:22:25]} 38. Bxe6 {[%clk 0:33:53]} a4
{[%clk 0:22:53]} 0-1

[Event "WYCC Girls 12"]
[Site "Porto Carras"]
[Date "2015.10.28"]
[Round "4.5"]
[White "Nurgali, Nazerke"]
[Black "Hovhannisyan, Mane"]
[Result "0-1"]
[BlackElo "1590"]
[WhiteElo "1841"]
[LiveChessVersion "1.4.6"]

1. d4 {[%clk 1:30:50]} d5 {[%clk 1:30:55]} 2. Nf3 {[%clk 1:30:56]} e6
{[%clk 1:31:13]} 3. c4 {[%clk 1:30:58]} c6 {[%clk 1:31:38]} 4. Nc3
{[%clk 1:31:13]} dxc4 {[%clk 1:32:04]} 5. a4 {[%clk 1:29:49]} Bb4
{[%clk 1:32:19]} 6. e3 {[%clk 1:24:55]} b5 {[%clk 1:32:33]} 7. Be2
{[%clk 1:24:18]} Nf6 {[%clk 1:29:15]} 8. Bd2 {[%clk 1:21:23]} Bxc3
{[%clk 1:22:55]} 9. Bxc3 {[%clk 1:21:22]} Qd5 {[%clk 1:23:04]} 10. O-O
{[%clk 1:19:35]} Nbd7 {[%clk 1:18:13]} 11. Bb4 {[%clk 1:16:44]} Bb7
{[%clk 1:07:08]} 12. Nd2 {[%clk 1:00:41]} e5 {[%clk 0:53:47]} 13. dxe5
{[%clk 0:50:53]} Nxe5 {[%clk 0:53:47]} 14. Nf3 {[%clk 0:48:38]} Nd3
{[%clk 0:39:25]} 15. Bc3 {[%clk 0:43:47]} O-O {[%clk 0:35:06]} 16. Qc2
{[%clk 0:40:53]} Ne4 {[%clk 0:33:57]} 17. Rad1 {[%clk 0:39:14]} Rad8
{[%clk 0:33:27]} 18. Ne5 {[%clk 0:38:00]} Nxc3 {[%clk 0:32:47]} 19. Qxc3
{[%clk 0:36:36]} Qxe5 {[%clk 0:32:24]} 20. Rxd3 {[%clk 0:36:11]} cxd3
{[%clk 0:28:46]} 21. Qxe5 {[%clk 0:35:45]} dxe2 {[%clk 0:29:08]} 22. Re1
{[%clk 0:35:17]} Rd1 {[%clk 0:29:29]} 23. Qc3 {[%clk 0:27:01]} Rfd8
{[%clk 0:29:44]} 24. f3 {[%clk 0:22:28]} Rxe1+ {[%clk 0:30:04]} 25. Qxe1
{[%clk 0:20:06]} Rd1 {[%clk 0:30:29]} 26. Kf2 {[%clk 0:20:20]} Rxe1
{[%clk 0:30:55]} 27. Kxe1 {[%clk 0:20:47]} bxa4 {[%clk 0:31:22]} 28. Kxe2
{[%clk 0:20:52]} Kf8 {[%clk 0:31:47]} 29. Kd3 {[%clk 0:21:08]} Ke7
{[%clk 0:32:07]} 30. Kc4 {[%clk 0:21:15]} Ba6+ {[%clk 0:32:32]} 31. Kc5
{[%clk 0:21:35]} Bb5 {[%clk 0:32:59]} 32. Kd4 {[%clk 0:20:43]} Kd6
{[%clk 0:33:16]} 33. f4 {[%clk 0:20:38]} f5 {[%clk 0:33:41]} 34. e4
{[%clk 0:19:40]} fxe4 {[%clk 0:33:57]} 35. Kxe4 {[%clk 0:19:42]} g6
{[%clk 0:34:21]} 36. g4 {[%clk 0:19:58]} c5 {[%clk 0:34:45]} 37. h4
{[%clk 0:20:08]} c4 {[%clk 0:35:12]} 38. Kd4 {[%clk 0:20:25]} Ke6 0-1

[Event "WYCC Girls 12"]
[Site "Porto Carras"]
[Date "2015.10.28"]
[Round "4.6"]
[White "Golsta, Madara"]
[Black "Salimova, Nurgyul"]
[Result "0-1"]
[BlackElo "2144"]
[WhiteElo "1554"]
[LiveChessVersion "1.4.6"]

1. e4 {[%clk 1:30:57]} c6 {[%clk 1:30:55]} 2. d4 {[%clk 1:31:17]} d5
{[%clk 1:31:20]} 3. Nd2 {[%clk 1:31:31]} dxe4 {[%clk 1:31:32]} 4. Nxe4
{[%clk 1:31:44]} Bf5 {[%clk 1:31:54]} 5. Ng3 {[%clk 1:31:45]} Bg6
{[%clk 1:32:17]} 6. h4 {[%clk 1:31:01]} h6 {[%clk 1:32:40]} 7. f4
{[%clk 1:30:21]} Nf6 {[%clk 1:28:44]} 8. Nf3 {[%clk 1:27:01]} Nbd7
{[%clk 1:20:50]} 9. Ne5 {[%clk 1:20:15]} Nxe5 {[%clk 1:20:03]} 10. fxe5
{[%clk 1:19:45]} Nd5 {[%clk 1:10:55]} 11. h5 {[%clk 1:14:01]} Bh7
{[%clk 1:11:12]} 12. e6 {[%clk 1:10:45]} fxe6 {[%clk 1:05:40]} 13. Bd3
{[%clk 1:08:50]} Qd6 {[%clk 1:03:59]} 14. Ne2 {[%clk 1:00:53]} O-O-O
{[%clk 0:53:50]} 15. Bxh7 {[%clk 0:58:54]} Rxh7 {[%clk 0:54:18]} 16. c3
{[%clk 0:54:32]} Rh8 {[%clk 0:48:19]} 17. Qc2 {[%clk 0:51:32]} e5
{[%clk 0:41:59]} 18. Qf5+ {[%clk 0:46:57]} e6 {[%clk 0:42:27]} 19. Qxe5
{[%clk 0:45:18]} Qd7 {[%clk 0:40:40]} 20. Bd2 {[%clk 0:42:50]} Bd6
{[%clk 0:40:45]} 21. Qe4 {[%clk 0:40:13]} Nf6 {[%clk 0:39:37]} 22. Qc2
{[%clk 0:38:52]} Qe8 {[%clk 0:34:03]} 23. O-O-O {[%clk 0:33:49]} Nxh5
{[%clk 0:32:10]} 24. Qa4 {[%clk 0:33:20]} Kb8 {[%clk 0:32:00]} 25. Qa5
{[%clk 0:30:28]} Nf6 {[%clk 0:32:01]} 26. Nf4 {[%clk 0:28:30]} Bc7
{[%clk 0:30:12]} 27. Qa4 {[%clk 0:28:32]} g5 {[%clk 0:22:28]} 28. Nd3
{[%clk 0:27:12]} Ne4 {[%clk 0:20:25]} 29. Rhf1 {[%clk 0:21:41]} Qg6
{[%clk 0:20:03]} 30. Qc2 {[%clk 0:21:23]} Ng3 {[%clk 0:17:32]} 31. Rf3
{[%clk 0:19:56]} Rhf8 {[%clk 0:11:20]} 32. Rxf8 {[%clk 0:19:33]} Rxf8
{[%clk 0:11:49]} 33. Nc5 {[%clk 0:19:00]} Qxc2+ {[%clk 0:10:47]} 34. Kxc2
{[%clk 0:19:23]} Rf2 {[%clk 0:10:53]} 35. Rg1 {[%clk 0:17:13]} Bf4
{[%clk 0:10:43]} 36. Rd1 {[%clk 0:16:09]} Nf1 {[%clk 0:10:19]} 37. Kd3
{[%clk 0:11:46]} Nxd2 {[%clk 0:10:06]} 0-1

[Event "WYCC Girls 12"]
[Site "Porto Carras"]
[Date "2015.10.28"]
[Round "4.7"]
[White "Beydullayeva, Govhar"]
[Black "Bai, Xue"]
[Result "1-0"]
[BlackElo "1639"]
[WhiteElo "1831"]
[LiveChessVersion "1.4.6"]

1. d4 {[%clk 1:30:57]} Nf6 {[%clk 1:30:55]} 2. c4 {[%clk 1:31:22]} g6
{[%clk 1:31:23]} 3. Nc3 {[%clk 1:31:42]} Bg7 {[%clk 1:31:48]} 4. e4
{[%clk 1:31:59]} d6 {[%clk 1:32:11]} 5. Nf3 {[%clk 1:31:48]} O-O {[%clk 1:32:32]}
6. Be2 {[%clk 1:31:58]} Nbd7 {[%clk 1:31:18]} 7. Be3 {[%clk 1:31:47]} e5
{[%clk 1:31:16]} 8. d5 {[%clk 1:31:43]} Nb8 {[%clk 1:29:02]} 9. Nd2
{[%clk 1:28:37]} Ne8 {[%clk 1:26:32]} 10. O-O {[%clk 1:20:07]} f5
{[%clk 1:24:46]} 11. f3 {[%clk 1:19:40]} f4 {[%clk 1:24:44]} 12. Bf2
{[%clk 1:19:43]} Qg5 {[%clk 1:24:00]} 13. Kh1 {[%clk 1:18:20]} Qh6
{[%clk 1:23:30]} 14. c5 {[%clk 1:17:17]} dxc5 {[%clk 1:21:55]} 15. Bxc5
{[%clk 1:17:33]} Rf7 {[%clk 1:21:43]} 16. Bc4 {[%clk 1:12:39]} b6
{[%clk 1:21:42]} 17. Bf2 {[%clk 1:08:52]} Nd6 {[%clk 1:22:02]} 18. Be2
{[%clk 1:06:37]} Nd7 {[%clk 1:21:22]} 19. Nb5 {[%clk 1:01:23]} Nf6
{[%clk 1:21:23]} 20. Re1 {[%clk 0:34:37]} Nh5 {[%clk 1:19:05]} 21. Bd3
{[%clk 0:22:23]} g5 {[%clk 1:17:01]} 22. Rc1 {[%clk 0:20:24]} Nxb5
{[%clk 1:16:47]} 23. Bxb5 {[%clk 0:20:50]} Nf6 {[%clk 1:16:34]} 24. Nc4
{[%clk 0:11:29]} Nd7 {[%clk 0:59:49]} 25. d6 {[%clk 0:10:52]} Nf8
{[%clk 0:58:14]} 26. Qd5 {[%clk 0:09:25]} c6 {[%clk 0:56:03]} 27. Bxc6
{[%clk 0:08:10]} Be6 {[%clk 0:56:27]} 28. Qb5 {[%clk 0:08:01]} Rd8
{[%clk 0:56:14]} 29. Nxe5 {[%clk 0:04:50]} Bxe5 {[%clk 0:54:24]} 30. Qxe5
{[%clk 0:05:14]} Bxa2 {[%clk 0:53:30]} 31. Red1 {[%clk 0:03:58]} Qg7
{[%clk 0:50:57]} 32. Qxg7+ {[%clk 0:03:41]} Rxg7 {[%clk 0:51:14]} 33. e5
{[%clk 0:03:09]} Be6 {[%clk 0:50:26]} 34. Ba4 {[%clk 0:02:23]} h5
{[%clk 0:47:20]} 35. Rc3 {[%clk 0:01:57]} Ng6 {[%clk 0:46:06]} 36. Bd4
{[%clk 0:01:52]} g4 {[%clk 0:44:14]} 37. Bb3 {[%clk 0:01:13]} Bxb3
{[%clk 0:43:40]} 38. Rxb3 {[%clk 0:01:40]} Nf8 {[%clk 0:43:12]} 39. Ra3
{[%clk 0:00:58]} Ne6 {[%clk 0:43:21]} 40. Bf2 {[%clk 0:30:53]} Rdd7
{[%clk 1:11:59]} 41. Bh4 {[%clk 0:26:23]} Kh7 {[%clk 1:11:31]} 42. b4
{[%clk 0:25:46]} Kg6 {[%clk 1:11:54]} 43. Bf6 {[%clk 0:17:55]} Rgf7
{[%clk 1:11:45]} 44. Kg1 {[%clk 0:15:18]} Kf5 {[%clk 1:11:54]} 45. Kf2
{[%clk 0:13:52]} Nf8 {[%clk 1:12:02]} 46. Re1 {[%clk 0:12:04]} Ke6
{[%clk 1:10:28]} 47. Rc3 {[%clk 0:06:42]} Kf5 {[%clk 1:06:59]} 48. Rc8
{[%clk 0:05:58]} Ne6 {[%clk 1:06:38]} 49. Rec1 {[%clk 0:04:49]} Rf8
{[%clk 1:05:14]} 50. Rxf8 {[%clk 0:01:38]} Nxf8 {[%clk 1:05:39]} 51. Re1
{[%clk 0:01:12]} Ne6 {[%clk 1:04:31]} 52. Ke2 {[%clk 0:01:05]} Nd4+
{[%clk 1:02:48]} 53. Kd3 {[%clk 0:00:56]} Ne6 {[%clk 1:01:05]} 54. Kc4
{[%clk 0:00:57]} gxf3 {[%clk 1:00:13]} 55. gxf3 {[%clk 0:01:23]} a5
{[%clk 0:59:27]} 56. b5 {[%clk 0:01:10]} a4 {[%clk 0:58:10]} 57. Kd5
{[%clk 0:01:06]} a3 {[%clk 0:57:24]} 58. Kc6 {[%clk 0:00:53]} Ra7
{[%clk 0:57:37]} 59. Kxb6 {[%clk 0:01:01]} Ra4 {[%clk 0:57:47]} 60. Ra1
{[%clk 0:00:55]} Nf8 {[%clk 0:57:58]} 61. Kc6 {[%clk 0:00:50]} Ke6
{[%clk 0:58:19]} 62. b6 {[%clk 0:01:02]} a2 {[%clk 0:57:40]} 63. b7
{[%clk 0:00:47]} Nd7 {[%clk 0:58:05]} 64. Kc7 {[%clk 0:00:37]} Rc4+
{[%clk 0:58:23]} 65. Kd8 {[%clk 0:01:04]} Ra4 {[%clk 0:57:08]} 66. Bg5
{[%clk 0:00:56]} Rb4 {[%clk 0:54:55]} 67. Rxa2 {[%clk 0:01:05]} Rxb7
{[%clk 0:55:20]} 68. Bxf4 {[%clk 0:00:59]} Nb6 {[%clk 0:53:57]} 69. Rg2
{[%clk 0:00:45]} Rd7+ {[%clk 0:53:39]} 70. Ke8 {[%clk 0:01:10]} Ra7
{[%clk 0:53:38]} 71. Rg6+ {[%clk 0:01:28]} Kd5 {[%clk 0:53:58]} 72. d7
{[%clk 0:01:20]} 1-0

[Event "WYCC Girls 12"]
[Site "Porto Carras"]
[Date "2015.10.28"]
[Round "4.8"]
[White "Berdnyk, Mariia"]
[Black "Bach, Ngoc Thuy Duong"]
[Result "1-0"]
[BlackElo "1707"]
[WhiteElo "1822"]
[LiveChessVersion "1.4.6"]

1. d4 {[%clk 1:30:58]} d5 {[%clk 1:30:43]} 2. c4 {[%clk 1:31:20]} e6
{[%clk 1:30:47]} 3. Nc3 {[%clk 1:31:41]} Nf6 {[%clk 1:31:04]} 4. Nf3
{[%clk 1:32:04]} Be7 {[%clk 1:30:47]} 5. Bf4 {[%clk 1:29:10]} c6 {[%clk 1:28:45]}
6. e3 {[%clk 1:29:08]} Nbd7 {[%clk 1:27:38]} 7. Bd3 {[%clk 1:26:25]} dxc4
{[%clk 1:19:52]} 8. Bxc4 {[%clk 1:26:47]} b5 {[%clk 1:19:33]} 9. Bd3
{[%clk 1:26:32]} Bb7 {[%clk 1:18:08]} 10. e4 {[%clk 1:15:26]} b4 {[%clk 1:11:19]}
11. Na4 {[%clk 1:12:07]} Qa5 {[%clk 1:09:14]} 12. Nd2 {[%clk 1:07:18]} Ba6
{[%clk 1:04:21]} 13. Bc7 {[%clk 0:56:24]} Qxc7 {[%clk 0:50:39]} 14. Bxa6
{[%clk 0:56:47]} e5 {[%clk 0:49:53]} 15. d5 {[%clk 0:52:28]} cxd5
{[%clk 0:42:35]} 16. exd5 {[%clk 0:51:35]} Qd6 {[%clk 0:41:11]} 17. Bb7
{[%clk 0:51:24]} Rb8 {[%clk 0:40:40]} 18. Nc4 {[%clk 0:51:34]} Qc7
{[%clk 0:41:05]} 19. Bc6 {[%clk 0:51:32]} Bd6 {[%clk 0:39:12]} 20. Rc1
{[%clk 0:35:19]} O-O {[%clk 0:35:20]} 21. O-O {[%clk 0:34:26]} Rfd8
{[%clk 0:34:31]} 22. Qe2 {[%clk 0:30:10]} e4 {[%clk 0:30:33]} 23. h3
{[%clk 0:28:27]} Ne5 {[%clk 0:22:44]} 24. Nxe5 {[%clk 0:21:11]} Bxe5
{[%clk 0:23:00]} 25. Rfd1 {[%clk 0:20:33]} Qe7 {[%clk 0:21:42]} 26. Nc5
{[%clk 0:18:56]} Bd6 {[%clk 0:20:29]} 27. Nb3 {[%clk 0:18:46]} Qe5
{[%clk 0:17:24]} 28. g3 {[%clk 0:16:58]} Nh5 {[%clk 0:15:36]} 29. Na5
{[%clk 0:11:42]} Bc7 {[%clk 0:09:00]} 30. Nc4 {[%clk 0:11:30]} Qf5
{[%clk 0:07:12]} 31. d6 {[%clk 0:11:12]} Bb6 {[%clk 0:06:48]} 32. Nxb6
{[%clk 0:07:54]} Rxb6 {[%clk 0:06:16]} 33. Rd5 {[%clk 0:06:27]} Qc8
{[%clk 0:05:03]} 34. d7 {[%clk 0:04:55]} Qc7 {[%clk 0:05:27]} 35. Rdc5
{[%clk 0:04:39]} Nf6 {[%clk 0:02:31]} 36. Qd2 {[%clk 0:03:34]} Rbb8
{[%clk 0:02:08]} 37. Ba4 {[%clk 0:03:44]} Qb7 {[%clk 0:01:14]} 38. Rc8
{[%clk 0:01:25]} Rbxc8 {[%clk 0:00:53]} 39. Rxc8 {[%clk 0:01:36]} Rxc8
{[%clk 0:00:37]} 40. d8=Q+ {[%clk 0:32:00]} 1-0

[Event "WYCC Girls 12"]
[Site "Porto Carras"]
[Date "2015.10.28"]
[Round "4.9"]
[White "Ros Alonso, Joana"]
[Black "Kvendseth, Thyra"]
[Result "1/2-1/2"]
[BlackElo "1656"]
[WhiteElo "1849"]
[LiveChessVersion "1.4.6"]

1. e4 {[%clk 1:30:56]} e5 {[%clk 1:30:55]} 2. Bc4 {[%clk 1:31:16]} Nf6
{[%clk 1:31:14]} 3. d3 {[%clk 1:31:35]} c6 {[%clk 1:31:08]} 4. Nf3
{[%clk 1:31:44]} d5 {[%clk 1:31:18]} 5. Bb3 {[%clk 1:31:46]} Bb4+
{[%clk 1:30:02]} 6. c3 {[%clk 1:31:39]} Bd6 {[%clk 1:30:09]} 7. exd5
{[%clk 1:18:45]} cxd5 {[%clk 1:29:43]} 8. Bg5 {[%clk 1:18:42]} Be6
{[%clk 1:28:19]} 9. O-O {[%clk 1:15:13]} O-O {[%clk 1:26:21]} 10. Re1
{[%clk 1:09:22]} Nbd7 {[%clk 1:25:38]} 11. Nbd2 {[%clk 1:09:02]} Qc7
{[%clk 1:23:59]} 12. Nf1 {[%clk 0:59:47]} Rfe8 {[%clk 1:19:40]} 13. Ng3
{[%clk 0:58:39]} h6 {[%clk 1:16:45]} 14. Bxf6 {[%clk 0:55:07]} Nxf6
{[%clk 1:16:52]} 15. Qd2 {[%clk 0:47:08]} Bg4 {[%clk 1:12:20]} 16. Nh4
{[%clk 0:43:01]} e4 {[%clk 1:07:56]} 17. dxe4 {[%clk 0:32:24]} Bxg3
{[%clk 1:08:02]} 18. hxg3 {[%clk 0:32:19]} dxe4 {[%clk 1:07:38]} 19. Qf4
{[%clk 0:25:59]} Qxf4 {[%clk 1:06:14]} 20. gxf4 {[%clk 0:26:19]} g5
{[%clk 1:06:25]} 21. Ng6 {[%clk 0:24:11]} Kg7 {[%clk 1:04:22]} 22. Ne5
{[%clk 0:18:57]} Be6 {[%clk 1:02:49]} 23. Bxe6 {[%clk 0:15:44]} Rxe6
{[%clk 1:02:48]} 24. fxg5 {[%clk 0:15:56]} hxg5 {[%clk 1:01:39]} 25. Nc4
{[%clk 0:16:09]} Nd5 {[%clk 0:59:39]} 26. Rad1 {[%clk 0:14:53]} Nf4
{[%clk 0:58:22]} 27. Rd7 {[%clk 0:10:18]} Nd3 {[%clk 0:56:21]} 28. Re2
{[%clk 0:07:44]} Nc5 {[%clk 0:54:09]} 29. Rd5 {[%clk 0:06:30]} Nd3
{[%clk 0:48:33]} 30. Rxg5+ {[%clk 0:05:55]} Kh6 {[%clk 0:48:05]} 31. Rg4
{[%clk 0:03:18]} f5 {[%clk 0:46:55]} 32. Rg3 {[%clk 0:03:28]} Rae8
{[%clk 0:42:45]} 33. Rge3 {[%clk 0:01:36]} Kg5 {[%clk 0:39:21]} 34. f3
{[%clk 0:00:55]} exf3 {[%clk 0:34:32]} 35. Rxe6 {[%clk 0:01:04]} fxe2
{[%clk 0:34:48]} 36. Rxe8 {[%clk 0:01:25]} e1=Q+ {[%clk 0:34:59]} 37. Rxe1
{[%clk 0:01:46]} Nxe1 {[%clk 0:35:17]} 38. Kf2 {[%clk 0:02:06]} Nd3+
{[%clk 0:34:56]} 39. Ke3 {[%clk 0:02:15]} Nc5 {[%clk 0:32:30]} 40. Nd6
{[%clk 0:31:08]} Na4 {[%clk 1:00:47]} 41. Nxb7 {[%clk 0:26:03]} Nxb2
{[%clk 0:59:26]} 42. Nd6 {[%clk 0:24:51]} f4+ {[%clk 0:58:01]} 43. Kf3
{[%clk 0:24:04]} Nd3 {[%clk 0:56:54]} 44. c4 {[%clk 0:21:56]} Ne1+
{[%clk 0:55:38]} 45. Kf2 {[%clk 0:20:34]} Nd3+ {[%clk 0:54:34]} 46. Ke2
{[%clk 0:19:18]} Nc1+ {[%clk 0:54:12]} 47. Kf3 {[%clk 0:12:12]} 1/2-1/2

[Event "WYCC Girls 12"]
[Site "Porto Carras"]
[Date "2015.10.28"]
[Round "4.10"]
[White "Tsivelekidou, Evgenia"]
[Black "Majoros, Rozsa"]
[Result "1/2-1/2"]
[BlackElo "1826"]
[WhiteElo "1646"]
[LiveChessVersion "1.4.6"]

1. d4 {[%clk 1:30:58]} Nf6 {[%clk 1:30:50]} 2. c4 {[%clk 1:31:20]} g6
{[%clk 1:31:04]} 3. Nc3 {[%clk 1:31:28]} c5 {[%clk 1:31:22]} 4. d5
{[%clk 1:31:26]} d6 {[%clk 1:31:36]} 5. e4 {[%clk 1:30:30]} Bg7 {[%clk 1:31:20]}
6. h3 {[%clk 1:30:30]} O-O {[%clk 1:30:28]} 7. Nf3 {[%clk 1:29:39]} Na6
{[%clk 1:28:25]} 8. Bd3 {[%clk 1:27:20]} Nc7 {[%clk 1:28:01]} 9. O-O
{[%clk 1:26:49]} a6 {[%clk 1:28:02]} 10. a4 {[%clk 1:26:47]} e5 {[%clk 1:26:03]}
11. Nh2 {[%clk 1:22:27]} Rb8 {[%clk 1:18:29]} 12. a5 {[%clk 1:18:41]} Bd7
{[%clk 1:06:20]} 13. Be3 {[%clk 1:13:03]} b5 {[%clk 1:01:09]} 14. axb6
{[%clk 1:11:33]} Rxb6 {[%clk 1:00:58]} 15. b3 {[%clk 1:09:16]} Nh5
{[%clk 0:51:35]} 16. Rc1 {[%clk 0:54:46]} Nf4 {[%clk 0:45:07]} 17. Ne2
{[%clk 0:49:19]} Nxd3 {[%clk 0:39:59]} 18. Qxd3 {[%clk 0:49:29]} f5
{[%clk 0:39:43]} 19. exf5 {[%clk 0:47:26]} Bxf5 {[%clk 0:39:38]} 20. Qd1
{[%clk 0:45:25]} Qb8 {[%clk 0:37:38]} 21. g4 {[%clk 0:40:56]} Bd7
{[%clk 0:31:31]} 22. Rb1 {[%clk 0:38:54]} Qd8 {[%clk 0:26:28]} 23. Ng3
{[%clk 0:35:30]} Ne8 {[%clk 0:21:57]} 24. Ne4 {[%clk 0:32:18]} Nf6
{[%clk 0:21:52]} 25. f3 {[%clk 0:30:37]} Nxe4 {[%clk 0:19:55]} 1/2-1/2